All Basketball National Teams in the Olympics - Statistics

General Stats
  • This quiz has been taken 34 times
  • The average score is 10 of 12
Answer Stats
Group Place Answer Points % Correct
C 1. United States 6
100%
B 2. France 5
97%
A 1. Canada 6
91%
B 1. Germany 6
91%
C 2. Serbia 5
91%
A 4. Spain 4
84%
A 2. Australia 4
81%
B 3. Brazil 4
81%
B 4. Japan 3
81%
A 3. Greece 4
75%
C 3. South Sudan 4
59%
C 4. Puerto Rico 3
47%
No matching quizzes found
Score Distribution
Percent of People with Each Score
Percentile by Number Answered
Your Score History
You have not taken this quiz